| 000 | 01163cam a2200325 i 4500 | ||
|---|---|---|---|
| 999 |
_c200444419 _d62631 |
||
| 001 | 200444419 | ||
| 003 | TR-AnTOB | ||
| 005 | 20240917101128.0 | ||
| 007 | ta | ||
| 008 | 860213s1955 tu abcf b 00 0 tur d | ||
| 035 | _a(TR-AnTOB)200444419 | ||
| 040 |
_aCLU _beng _erda _cCLU _dBGZ _dTR-AnTOB |
||
| 041 | 0 |
_atur _aeng _afre _ager |
|
| 050 | 4 |
_aDR730 _b.B89 1955 |
|
| 090 |
_aDR730 _b.B89 1955 |
||
| 245 | 1 | 0 |
_aBüyük İstanbul albümü = _bThe great album of Istanbul = Grand album d'Istanbul = Das grosse Album von Istanbul / _cHazırlayan Rıza Serhadoğlu. |
| 246 | 3 | 0 | _aThe great album of Istanbul |
| 246 | 3 | 0 | _aGrand album d'Istanbul |
| 246 | 3 | 0 | _aDas grosse Album von Istanbul |
| 264 | 1 |
_aİstanbul : _bİstanbul Hemşehriler cemiyeti, _c1955. |
|
| 300 |
_a478 pages : _billustrations, folded maps, color plates, color portraits ; _c25 cm |
||
| 336 |
_atext _btxt _2rdacontent |
||
| 337 |
_aunmediated _bn _2rdamedia |
||
| 338 |
_avolume _bnc _2rdacarrier |
||
| 651 | 0 |
_aİstanbul (Türkiye) _xGezi ve tanıtım _972831 |
|
| 700 | 1 |
_aSerhadoğlu, Rıza _eeditor _9133298 |
|
| 942 |
_2lcc _cBK |
||